[Event "Aberto do Brasil Professor Joao Braga"]
[Site "CXSP Sao Paulo"]
[Date "2014.08.01"]
[Round "1.1"]
[White "Vallejos, Jose Adolfo"]
[Black "Matsuura, Everaldo"]
[Result "0-1"]
[WhiteElo "1917"]
[BlackElo "2473"]
[PlyCount "90"]
[EventDate "2014.08.01"]

1. d4 Nf6 2. c4 g6 3. Nc3 Bg7 4. Nf3 O-O 5. e4 d6 6. h3 Nbd7 7. Be3 e5 8. d5
Nc5 9. Qc2 a5 10. Be2 Nh5 11. g3 f5 12. Bxc5 dxc5 13. O-O-O Nf6 14. Nd2 a4 15.
a3 Bh6 16. Kb1 Ne8 17. exf5 gxf5 18. Nxa4 b6 19. Nc3 Nd6 20. Rhf1 Bd7 21. f4
exf4 22. gxf4 Qf6 23. Bd3 Rfe8 24. Rg1+ Kh8 25. Rdf1 Re3 26. h4 Rae8 27. Nf3
Bxf4 28. Nd1 R3e7 29. Ng5 Be5 30. Nf3 Bd4 31. Rg5 Ne4 32. Rg2 Rg7 33. Rxg7 Qxg7
34. Qh2 Ng3 35. Re1 Rxe1 36. Nxe1 Qg4 37. Bc2 f4 38. Qg2 Qxh4 39. Qd2 Qg4 40.
Nc3 h5 41. Qg2 h4 42. d6 c6 43. Nf3 h3 44. Ne5 hxg2 45. Nxg4 g1=Q+ 0-1

[Event "Aberto do Brasil Professor Joao Braga"]
[Site "CXSP Sao Paulo"]
[Date "2014.08.01"]
[Round "1.2"]
[White "Fernandez, Daniel"]
[Black "Chagas, Humberto Luiz Cunha"]
[Result "1-0"]
[WhiteElo "2399"]
[BlackElo "1868"]
[PlyCount "77"]
[EventDate "2014.08.01"]

1. d4 d5 2. c4 e6 3. Nf3 Nf6 4. g3 Bd6 5. Nc3 O-O 6. Bg2 Nbd7 7. O-O b6 8. cxd5
exd5 9. Nb5 Ba6 10. Nxd6 cxd6 11. Re1 Qe7 12. Qa4 Bb7 13. Bf4 a5 14. Qa3 Ne4
15. Nd2 Nxd2 16. Bxd2 Nf6 17. Bf4 Rfd8 18. Rac1 Ne4 19. f3 Nf6 20. Qb3 Nd7 21.
Rc7 Rab8 22. Qxb6 Qe3+ 23. Bxe3 Nxb6 24. b3 Rdc8 25. Rec1 f5 26. Kf2 Ba6 27.
Bf4 Rxc7 28. Rxc7 Rc8 29. Ra7 Bb5 30. Rxa5 Be8 31. Bxd6 Rc2 32. Bh3 Nd7 33.
Bxf5 Rc6 34. Be6+ Kh8 35. Ra8 Nf6 36. Bd7 Rxd6 37. Bxe8 g6 38. Bxg6+ Kg7 39.
Bd3 1-0

[Event "Aberto do Brasil Professor Joao Braga"]
[Site "CXSP Sao Paulo"]
[Date "2014.08.01"]
[Round "1.3"]
[White "Serafim Junior, Arnor"]
[Black "Quintiliano Pinto, Renato R"]
[Result "0-1"]
[WhiteElo "1839"]
[BlackElo "2370"]
[PlyCount "70"]
[EventDate "2014.08.01"]

1. c4 c5 2. Nc3 Nc6 3. g3 g6 4. Bg2 Bg7 5. e3 e5 6. Nge2 Nge7 7. O-O O-O 8. d3
d6 9. Rb1 Be6 10. Nd5 Rb8 11. a3 a6 12. b4 b6 13. Qa4 b5 14. Qc2 bxc4 15. dxc4
cxb4 16. Nxe7+ Nxe7 17. c5 b3 18. Qc3 e4 19. Nd4 Nd5 20. Qd2 dxc5 21. Nc6 Qc7
22. Nxb8 Rxb8 23. Bb2 Bxb2 24. Qxb2 f5 25. Rfc1 c4 26. Qe2 c3 27. Qxa6 Bf7 28.
Bf1 c2 29. Rb2 Kg7 30. Qc4 Qxc4 31. Bxc4 Nc3 32. Rbxc2 bxc2 33. Rxc2 Bxc4 34.
h4 Rb3 35. a4 Bd3 0-1

[Event "Aberto do Brasil Professor Joao Braga"]
[Site "CXSP Sao Paulo"]
[Date "2014.08.01"]
[Round "1.4"]
[White "Mendonca, Mateus Nakajo"]
[Black "De Souza, Camila"]
[Result "1-0"]
[WhiteElo "2341"]
[BlackElo "1824"]
[PlyCount "53"]
[EventDate "2014.08.01"]

1. d4 Nf6 2. c4 e6 3. Nc3 Bb4 4. e3 O-O 5. Bd3 c5 6. Nf3 d6 7. Qc2 Nc6 8. O-O
Bxc3 9. Qxc3 b6 10. a3 a5 11. b3 Bb7 12. Bb2 Ne7 13. Rad1 Qc7 14. d5 e5 15. Nh4
Bc8 16. f4 Ng4 17. h3 Nxe3 18. Bxh7+ Kxh7 19. Qxe3 exf4 20. Rxf4 f6 21. Re1 Ng8
22. Qd3+ f5 23. Nxf5 Bxf5 24. Rxf5 Rxf5 25. Qxf5+ g6 26. Qf4 Ra7 27. Re8 1-0

[Event "Aberto do Brasil Professor Joao Braga"]
[Site "CXSP Sao Paulo"]
[Date "2014.08.01"]
[Round "1.5"]
[White "Vieira, Alexandre Letizio"]
[Black "Proudian, Armen"]
[Result "0-1"]
[WhiteElo "1822"]
[BlackElo "2322"]
[PlyCount "56"]
[EventDate "2014.08.01"]

1. e4 e5 2. Nf3 Nc6 3. Bb5 a6 4. Bxc6 dxc6 5. O-O Bg4 6. h3 h5 7. d3 Qf6 8. Be3
Bxf3 9. Qxf3 Qxf3 10. gxf3 Bd6 11. Nd2 Ne7 12. Nc4 Ng6 13. Nxd6+ cxd6 14. Kg2
f5 15. Bg5 f4 16. Rg1 Nf8 17. h4 Ne6 18. c3 c5 19. a4 b6 20. Kf1 Kf7 21. Ke2 b5
22. Kd2 b4 23. Rab1 Rab8 24. Rh1 Rb7 25. c4 b3 26. Rh3 a5 27. Kc3 Rb4 28. Rhh1
Nd4 0-1

[Event "Aberto do Brasil Professor Joao Braga"]
[Site "CXSP Sao Paulo"]
[Date "2014.08.01"]
[Round "1.7"]
[White "De Assis, Rubens Mesquita"]
[Black "Sztokbant, Bernardo Vainzoff"]
[Result "0-1"]
[WhiteElo "1728"]
[BlackElo "2250"]
[PlyCount "102"]
[EventDate "2014.08.01"]

1. d4 d5 2. c4 c6 3. e3 e6 4. Nc3 f5 5. Nf3 Nd7 6. Bd3 Nh6 7. O-O Bd6 8. b3 O-O
9. Bb2 g5 10. Qc1 g4 11. Ne5 Nxe5 12. dxe5 Bxe5 13. Ne2 Qf6 14. Bxe5 Qxe5 15.
Nf4 Bd7 16. cxd5 exd5 17. Qd2 Nf7 18. Rac1 Rae8 19. b4 Nd6 20. a4 Rc8 21. b5
Ne4 22. Bxe4 fxe4 23. a5 d4 24. bxc6 bxc6 25. Qa2+ Kh8 26. Rb1 Rc7 27. a6 c5
28. Rb7 c4 29. Qa3 Re8 30. Qb4 d3 31. Rc1 Rxb7 32. axb7 Bb5 33. Ne6 Qxe6 34.
Qxb5 Rb8 35. Qc5 Kg7 36. Qg5+ Kh8 37. Qc5 Kg8 38. Qg5+ Kh8 39. Qc5 Rxb7 40.
Qf8+ Qg8 41. Qf6+ Rg7 42. Qd4 Qe6 43. Rb1 h6 44. Rb7 Qg6 45. Rb8+ Kh7 46. Qd8
Qc6 47. Qf8 d2 48. Qf5+ Qg6 49. Qd5 c3 50. Rc8 Qe6 51. Qd8 Qxc8 0-1

[Event "Aberto do Brasil Professor Joao Braga"]
[Site "CXSP Sao Paulo"]
[Date "2014.08.01"]
[Round "1.8"]
[White "Tsuboi, Edson Kenji"]
[Black "Frois, Vitor Amorim"]
[Result "1-0"]
[WhiteElo "2247"]
[BlackElo "1721"]
[PlyCount "89"]
[EventDate "2014.08.01"]

1. e4 c5 2. Nf3 d6 3. d4 cxd4 4. Nxd4 Nf6 5. Nc3 a6 6. a4 e6 7. Be2 Be7 8. O-O
O-O 9. f4 Qc7 10. Kh1 Nbd7 11. Bf3 Re8 12. g4 Nf8 13. g5 N6d7 14. Bg2 b6 15.
Be3 Bb7 16. Qh5 f5 17. exf5 Bxg2+ 18. Kxg2 exf5 19. Nxf5 Ng6 20. Kg1 Qc4 21.
Rae1 Bf8 22. Qf3 Rac8 23. Bd4 Nc5 24. Qd5+ Qxd5 25. Nxd5 Nxa4 26. b3 Nc5 27.
Nxb6 Rxe1 28. Rxe1 Rc6 29. Nd5 Kf7 30. Bb2 Ne6 31. Nfe3 Nh4 32. Kf2 Nc5 33. Kg3
Ng6 34. Nc4 Nd7 35. h4 Rc5 36. Nce3 Ne7 37. c4 Rc8 38. Nxe7 Kxe7 39. Nf5+ Kf7
40. Bxg7 Bxg7 41. Nxd6+ Kg6 42. Nxc8 Nc5 43. Kg4 Kf7 44. f5 Nxb3 45. Nd6+ 1-0

[Event "Aberto do Brasil Professor Joao Braga"]
[Site "CXSP Sao Paulo"]
[Date "2014.08.01"]
[Round "1.9"]
[White "Santa Isabel, Marivaldo Dos Re"]
[Black "Carneiro, Vitor Roberto Castro"]
[Result "0-1"]
[WhiteElo "1705"]
[BlackElo "2246"]
[PlyCount "86"]
[EventDate "2014.08.01"]

1. e4 c5 2. Nf3 e6 3. d4 cxd4 4. Nxd4 Nc6 5. Be3 Qc7 6. Nc3 a6 7. Be2 Nf6 8.
Qd2 Bb4 9. f3 d5 10. a3 Bd6 11. exd5 Nxd5 12. Nxd5 exd5 13. O-O-O O-O 14. g4
Re8 15. Kb1 Be6 16. f4 Rac8 17. Bd3 Nxd4 18. Bxd4 Bxf4 19. Qf2 Be5 20. Qh4 h6
21. g5 Bxd4 22. Qxd4 hxg5 23. Rhg1 Qf4 24. Qb6 Re7 25. Rdf1 Qh4 26. Qd6 Rce8
27. Re1 g4 28. Qf4 Bc8 29. Ref1 Qh5 30. h3 Qh6 31. Qxh6 gxh6 32. hxg4 Re5 33.
Rf6 Kg7 34. Rgf1 Re1+ 35. Ka2 Rxf1 36. Rxf1 Bxg4 37. Rg1 h5 38. Bf5 Kh6 39.
Bxg4 Rg8 40. Rf1 hxg4 41. Rxf7 g3 42. Rf1 g2 43. Rg1 Kh5 0-1

[Event "Aberto do Brasil Professor Joao Braga"]
[Site "CXSP Sao Paulo"]
[Date "2014.08.01"]
[Round "1.10"]
[White "Marra, Eduardo Da Costa"]
[Black "Scardini, Leonardo"]
[Result "1-0"]
[WhiteElo "2207"]
[BlackElo "1557"]
[PlyCount "53"]
[EventDate "2014.08.01"]

1. b3 Nf6 2. Bb2 d6 3. e3 e5 4. Ne2 Be7 5. d4 Nbd7 6. Nbc3 c6 7. Ng3 Nb6 8. Qd3
O-O 9. O-O-O Qc7 10. Nf5 Bxf5 11. Qxf5 Rac8 12. dxe5 dxe5 13. Ne4 Nxe4 14. Qxe4
Nd7 15. Bd3 g6 16. h4 f5 17. Qc4+ Kg7 18. h5 b5 19. Qe6 Bf6 20. hxg6 hxg6 21.
Ba3 Rfe8 22. Rh7+ Kxh7 23. Qf7+ Kh6 24. Bxf5 Rg8 25. Rxd7 Rg7 26. Qxf6 Qxd7 27.
Qh4# 1-0

[Event "Aberto do Brasil Professor Joao Braga"]
[Site "CXSP Sao Paulo"]
[Date "2014.08.01"]
[Round "1.11"]
[White "Ishida, Leopoldo Tetsuo"]
[Black "Garkauskas, Otto Dmitry"]
[Result "0-1"]
[WhiteElo "1490"]
[BlackElo "2174"]
[PlyCount "46"]
[EventDate "2014.08.01"]

1. d4 d5 2. Nf3 Nf6 3. c4 c6 4. Bf4 dxc4 5. e3 b5 6. a4 Bg4 7. Nc3 b4 8. Ne2
Bxf3 9. gxf3 Nbd7 10. Bh3 a5 11. Rc1 Nb6 12. Be5 Nfd7 13. Bf4 g6 14. Bxd7+ Qxd7
15. Be5 f6 16. Bg3 e6 17. Kf1 c5 18. dxc5 Qxd1+ 19. Rxd1 Bxc5 20. Rc1 Rc8 21.
Kg2 Ke7 22. h4 Rhd8 23. Rc2 b3 0-1

[Event "Aberto do Brasil Professor Joao Braga"]
[Site "CXSP Sao Paulo"]
[Date "2014.08.01"]
[Round "1.13"]
[White "Yokomizo, Wilton"]
[Black "Van Riemsdijk, Dirk D"]
[Result "0-1"]
[WhiteElo "1467"]
[BlackElo "2108"]
[PlyCount "86"]
[EventDate "2014.08.01"]

1. e4 c5 2. Nf3 e6 3. d4 cxd4 4. Nxd4 a6 5. Nc3 Qc7 6. Be2 Nf6 7. O-O b5 8. a3
Bb7 9. Bf3 Nc6 10. Nxc6 dxc6 11. Bg5 Be7 12. Re1 e5 13. Qe2 O-O 14. Rad1 Rad8
15. Rxd8 Rxd8 16. Rd1 h6 17. Bxf6 Bxf6 18. Rxd8+ Qxd8 19. Qd3 Qd4 20. Nd1 c5
21. Kf1 c4 22. Qc3 Bg5 23. Ne3 g6 24. Qxd4 exd4 25. Nd5 Bc1 26. Nf6+ Kf8 27.
Nd7+ Ke7 28. Nc5 Bc8 29. e5 Bxb2 30. a4 b4 31. Bd5 c3 32. Nb3 d3 33. Be4 d2 34.
Ke2 f5 35. exf6+ Kxf6 36. f4 Bg4+ 37. Bf3 Bxf3+ 38. gxf3 Kf5 39. Nd4+ Kxf4 40.
Nc6 Ba3 41. Nb8 Ke5 42. Nxa6 b3 43. Kd1 b2 0-1

[Event "Aberto do Brasil Professor Joao Braga"]
[Site "CXSP Sao Paulo"]
[Date "2014.08.01"]
[Round "2.1"]
[White "Matsuura, Everaldo"]
[Black "Abrantes, Tiago Garrido"]
[Result "1-0"]
[WhiteElo "2473"]
[BlackElo "2107"]
[PlyCount "49"]
[EventDate "2014.08.01"]

1. e4 g6 2. d4 Bg7 3. Nc3 d6 4. Be3 a6 5. f4 b5 6. Bd3 Nf6 7. Nf3 b4 8. Ne2 Bb7
9. Ng3 h5 10. e5 Nd5 11. Qd2 h4 12. Ne4 e6 13. O-O h3 14. g3 Nc6 15. Bf2 Qe7
16. c4 bxc3 17. bxc3 Nd8 18. Rab1 a5 19. a3 f5 20. exf6 Nxf6 21. Neg5 Rh6 22.
Rxb7 Nxb7 23. Bb5+ c6 24. Bxc6+ Kf8 25. Rb1 1-0

[Event "Aberto do Brasil Professor Joao Braga"]
[Site "CXSP Sao Paulo"]
[Date "2014.08.01"]
[Round "2.2"]
[White "Garkauskas, Otto Dmitry"]
[Black "Fernandez, Daniel"]
[Result "1/2-1/2"]
[WhiteElo "2174"]
[BlackElo "2399"]
[PlyCount "112"]
[EventDate "2014.08.01"]

1. d4 Nf6 2. c4 Nc6 3. Nf3 e6 4. Nc3 Bb4 5. Qc2 d6 6. e4 O-O 7. e5 dxe5 8. dxe5
Ng4 9. Qe4 Bxc3+ 10. bxc3 Qd1+ 11. Kxd1 Nxf2+ 12. Kc2 Nxe4 13. Be3 h6 14. Re1
f5 15. exf6 Nxf6 16. Bd3 Bd7 17. Bc5 Rfd8 18. Nd4 b6 19. Nxc6 Bxc6 20. Be7 Re8
21. Rxe6 Bxg2 22. Rhe1 Kf7 23. Bf5 Rab8 24. R6e3 c5 25. Bd6 Rxe3 26. Rxe3 Re8
27. Rxe8 Kxe8 28. Bg6+ Kd7 29. Bf8 Be4+ 30. Bxe4 Nxe4 31. Bxg7 h5 32. Kd3 Ng5
33. Be5 a6 34. a4 Kc6 35. Ke3 b5 36. cxb5+ axb5 37. Bf6 Ne6 38. axb5+ Kxb5 39.
Ke4 Kc4 40. Kf5 Nc7 41. h4 Nd5 42. Bg7 Nxc3 43. Kg6 Ne4 44. Kxh5 Kd5 45. Kg6
Ng3 46. Bc3 Ke4 47. Be1 Nf5 48. h5 Kf4 49. Ba5 Kg4 50. Bd8 c4 51. Bf6 c3 52.
Bxc3 Nh4+ 53. Kh6 Nf5+ 54. Kg6 Nh4+ 55. Kh6 Nf5+ 56. Kg6 Nh4+ 1/2-1/2

[Event "Aberto do Brasil Professor Joao Braga"]
[Site "CXSP Sao Paulo"]
[Date "2014.08.01"]
[Round "2.3"]
[White "Quintiliano Pinto, Renato R"]
[Black "De Souza, Cristiano Gomes"]
[Result "1-0"]
[WhiteElo "2370"]
[BlackElo "2016"]
[PlyCount "95"]
[EventDate "2014.08.01"]

1. d4 Nf6 2. c4 g6 3. Nc3 Bg7 4. e4 d6 5. Nf3 O-O 6. Be2 e5 7. O-O Nc6 8. d5
Ne7 9. b4 Nh5 10. g3 f5 11. Ng5 Nf6 12. Bf3 fxe4 13. Ncxe4 Nf5 14. Bb2 a5 15.
b5 Nxe4 16. Nxe4 Nd4 17. Bxd4 exd4 18. Bg4 Bf5 19. Bxf5 gxf5 20. Nd2 Qf6 21.
Qb3 b6 22. Rae1 Rae8 23. Qd3 f4 24. Re4 Qg6 25. Rfe1 Qf5 26. gxf4 Rxe4 27. Rxe4
Qg4+ 28. Kf1 Rxf4 29. Rxf4 Qxf4 30. h3 Qg5 31. Nf3 Qc1+ 32. Kg2 Qf4 33. Nd2
Qg5+ 34. Kf1 Qf4 35. Ke2 Be5 36. Qe4 Qf6 37. Nf3 Qe7 38. Nxd4 Qg5 39. Nf3 Qe7
40. Kf1 Kh8 41. Qf5 Bf6 42. Nd2 Bd4 43. Ne4 h6 44. Qe6 Qxe6 45. dxe6 Kg7 46. f4
Bf6 47. Nxf6 Kxf6 48. f5 1-0

[Event "Aberto do Brasil Professor Joao Braga"]
[Site "CXSP Sao Paulo"]
[Date "2014.08.01"]
[Round "2.4"]
[White "Van Riemsdijk, Dirk D"]
[Black "Mendonca, Mateus Nakajo"]
[Result "0-1"]
[WhiteElo "2108"]
[BlackElo "2341"]
[PlyCount "68"]
[EventDate "2014.08.01"]

1. Nf3 d5 2. b3 c5 3. e4 dxe4 4. Ne5 Nf6 5. Bb2 Nbd7 6. Bb5 e6 7. O-O Bd6 8. f4
O-O 9. Bxd7 Nxd7 10. Qe2 f5 11. Na3 Nxe5 12. fxe5 Be7 13. Rad1 b6 14. d3 Ba6
15. Nc4 Bxc4 16. bxc4 exd3 17. Rxd3 Qc7 18. Rh3 g6 19. Qe3 Rfd8 20. Qg3 Bf8 21.
Bc3 Rd7 22. Qf3 Rad8 23. g4 Rf7 24. Qe2 fxg4 25. Rxf7 Qxf7 26. Qxg4 Qf5 27.
Qxf5 exf5 28. Rd3 Rxd3 29. cxd3 Kf7 30. Kg2 Ke6 31. Kf3 Bg7 32. Kf4 h6 33. h4
Bxe5+ 34. Bxe5 g5+ 0-1

[Event "Aberto do Brasil Professor Joao Braga"]
[Site "CXSP Sao Paulo"]
[Date "2014.08.01"]
[Round "2.5"]
[White "Proudian, Armen"]
[Black "Salama, Andre Sasson"]
[Result "1/2-1/2"]
[WhiteElo "2322"]
[BlackElo "1977"]
[PlyCount "97"]
[EventDate "2014.08.01"]

1. e4 e6 2. d4 d5 3. Nd2 dxe4 4. Nxe4 Nd7 5. Bd3 Ngf6 6. Nf3 Nxe4 7. Bxe4 Nf6
8. Bd3 Be7 9. O-O O-O 10. Qe2 b6 11. Bg5 Bb7 12. Rad1 Bxf3 13. Qxf3 Qd5 14.
Qxd5 Nxd5 15. Bd2 Rfd8 16. c4 Nb4 17. Be4 Rac8 18. a3 f5 19. Bb1 Nc6 20. d5 Ne5
21. Bc3 Nxc4 22. dxe6 g6 23. Rd7 Kf8 24. Rfd1 Nd6 25. Rxd8+ Rxd8 26. f3 Nb5 27.
Rxd8+ Bxd8 28. Be5 Ke7 29. Ba2 c5 30. Kf2 Bc7 31. Bg7 Bd6 32. Bh6 Be5 33. b4
Nxa3 34. bxc5 bxc5 35. Ke2 Nb5 36. Kd3 Nd6 37. Bg5+ Bf6 38. Be3 c4+ 39. Bxc4
Nxc4 40. Kxc4 a5 41. Kd5 a4 42. h3 h5 43. g4 fxg4 44. fxg4 hxg4 45. hxg4 Bb2
46. Bc5+ Ke8 47. Kc4 a3 48. Kb3 Kd8 49. Bd6 1/2-1/2

[Event "Aberto do Brasil Professor Joao Braga"]
[Site "CXSP Sao Paulo"]
[Date "2014.08.01"]
[Round "2.6"]
[White "Abdalla, Jose Lucas Aurelli"]
[Black "Abdalla, Luiz Guilherme Aurel"]
[Result "0-1"]
[WhiteElo "2090"]
[BlackElo "2289"]
[PlyCount "70"]
[EventDate "2014.08.01"]

1. e4 c5 2. Nf3 e6 3. d3 d5 4. Nbd2 Nc6 5. g3 Nf6 6. Bg2 Be7 7. O-O Qc7 8. Re1
b5 9. c3 Bb7 10. e5 Nd7 11. d4 c4 12. Nf1 a5 13. Bf4 Nb6 14. Ne3 h6 15. h4
O-O-O 16. g4 g6 17. Bg3 b4 18. Nd2 a4 19. Nb1 Na7 20. Qd2 bxc3 21. bxc3 Nb5 22.
Nc2 Kd7 23. Qc1 h5 24. g5 Rb8 25. Nca3 Nxa3 26. Nxa3 Bc6 27. Nc2 Nc8 28. Rb1
Rxb1 29. Qxb1 Na7 30. Qa1 Rb8 31. Bf4 Qb6 32. Rc1 Qb2 33. Ne3 a3 34. Nf1 Ba4
35. Ne3 Bc6 0-1

[Event "Aberto do Brasil Professor Joao Braga"]
[Site "CXSP Sao Paulo"]
[Date "2014.08.01"]
[Round "2.7"]
[White "Sztokbant, Bernardo Vainzoff"]
[Black "Mendes, Rodrigo Machado"]
[Result "1-0"]
[WhiteElo "2250"]
[BlackElo "1929"]
[PlyCount "69"]
[EventDate "2014.08.01"]

1. e4 e6 2. d4 d5 3. Nc3 Nf6 4. e5 Ng8 5. f4 c5 6. Nf3 Nc6 7. Be3 Bd7 8. dxc5
Qa5 9. a3 Nh6 10. b4 Nxb4 11. axb4 Qxb4 12. Qd4 Qxd4 13. Bxd4 a6 14. Rb1 Bc6
15. Bf2 Nf5 16. Bd3 Nh6 17. Nd4 Kd7 18. Nxc6 Kxc6 19. Kd2 Be7 20. Rb6+ Kc7 21.
Rhb1 Rab8 22. f5 Ng4 23. Bd4 Bg5+ 24. Ke2 Rhe8 25. h3 Nh6 26. fxe6 fxe6 27.
Bxh7 Re7 28. c6 Kc8 29. Bc5 Rf7 30. Bd6 Bd8 31. Rxa6 Bc7 32. cxb7+ Kd8 33. Ra8
Bxd6 34. exd6 Rfxb7 35. Rxb8+ 1-0

[Event "Aberto do Brasil Professor Joao Braga"]
[Site "CXSP Sao Paulo"]
[Date "2014.08.01"]
[Round "2.8"]
[White "Guimaraes, Artemis Pamela"]
[Black "Tsuboi, Edson Kenji"]
[Result "0-1"]
[WhiteElo "1996"]
[BlackElo "2247"]
[PlyCount "64"]
[EventDate "2014.08.01"]

1. e4 c5 2. Nf3 Nc6 3. Bb5 g6 4. Bxc6 dxc6 5. d3 Bg7 6. h3 Nf6 7. Nc3 Nd7 8.
Be3 e5 9. Qd2 Qe7 10. Bh6 f6 11. Bxg7 Qxg7 12. a3 a5 13. O-O O-O 14. Ne2 Qe7
15. Ng3 Rd8 16. Qc3 Nf8 17. Nd2 Ne6 18. Nc4 Qc7 19. b4 cxb4 20. axb4 a4 21. Ne2
b5 22. Ne3 Nd4 23. Nc1 Qd6 24. Kh1 f5 25. exf5 gxf5 26. Qd2 f4 27. Nd1 Qh6 28.
f3 Bxh3 29. gxh3 Qxh3+ 30. Kg1 Kh8 31. Ne2 Rg8+ 32. Kf2 Qh4+ 0-1

[Event "Aberto do Brasil Professor Joao Braga"]
[Site "CXSP Sao Paulo"]
[Date "2014.08.01"]
[Round "2.9"]
[White "Carneiro, Vitor Roberto Castro"]
[Black "Da Silva, Andressa Muniz"]
[Result "1-0"]
[WhiteElo "2246"]
[BlackElo "1471"]
[PlyCount "59"]
[EventDate "2014.08.01"]

1. e4 e5 2. Nf3 Nc6 3. Bb5 Nge7 4. O-O g6 5. Re1 Bg7 6. c3 O-O 7. h3 d5 8. d3
dxe4 9. dxe4 Be6 10. Qc2 Qc8 11. Be3 a6 12. Bf1 f5 13. Ng5 f4 14. Bc5 h6 15.
Nxe6 Qxe6 16. Nd2 Qf6 17. Qb3+ Kh8 18. Qxb7 Rfc8 19. Qb3 Rd8 20. Rad1 Rd7 21.
Nf3 Rxd1 22. Rxd1 Rd8 23. Rxd8+ Nxd8 24. Qa4 Qc6 25. Qxc6 Nexc6 26. Bxa6 Ne6
27. Ba3 Nb8 28. Bc4 Nd8 29. b4 Nbc6 30. Bb2 1-0

[Event "Aberto do Brasil Professor Joao Braga"]
[Site "CXSP Sao Paulo"]
[Date "2014.08.01"]
[Round "2.10"]
[White "Dos Reis, Leandro Aparecido C"]
[Black "Marra, Eduardo Da Costa"]
[Result "0-1"]
[WhiteElo "1944"]
[BlackElo "2207"]
[PlyCount "58"]
[EventDate "2014.08.01"]

1. d4 Nf6 2. c4 c5 3. d5 b5 4. cxb5 a6 5. bxa6 g6 6. Nc3 Bxa6 7. g3 d6 8. Bg2
Bg7 9. Nf3 Nfd7 10. O-O Nb6 11. Re1 N8d7 12. Nd2 O-O 13. Nb3 Nc4 14. Nd2 Nde5
15. Rb1 Nxd2 16. Qxd2 Nc4 17. Qc2 Qa5 18. Rd1 Rfb8 19. e4 Ra7 20. Bf1 Rab7 21.
Bxc4 Bxc4 22. Bd2 Bxa2 23. Nxa2 Qxa2 24. Bc3 Bxc3 25. Qxc3 Rxb2 26. Rxb2 Rxb2
27. Qe3 Re2 28. Qf3 Qc2 29. Rd3 Rxf2 0-1

[Event "Aberto do Brasil Professor Joao Braga"]
[Site "CXSP Sao Paulo"]
[Date "2014.08.01"]
[Round "2.11"]
[White "De Oliveira, Francemir Barra"]
[Black "Rodrigues, Leonardo De Miranda"]
[Result "0-1"]
[WhiteElo "1762"]
[BlackElo "2143"]
[PlyCount "80"]
[EventDate "2014.08.01"]

1. e4 d6 2. d4 Nf6 3. Bd3 g6 4. c3 Bg7 5. Ne2 O-O 6. h3 Nc6 7. Bg5 e5 8. d5 Ne7
9. Nd2 c6 10. c4 Nd7 11. b4 a6 12. Bh4 Kh8 13. O-O Qe8 14. Bg3 f5 15. Rb1 a5
16. a3 axb4 17. axb4 Nf6 18. f3 Bh6 19. Kh1 Ra2 20. Nb3 cxd5 21. exd5 e4 22.
Nc3 Ra6 23. fxe4 fxe4 24. Nxe4 Nf5 25. Rxf5 Bxf5 26. Nxd6 Qe3 27. Nxf5 gxf5 28.
Qf3 Ne4 29. Qxe3 Bxe3 30. Be1 Ra3 31. Bxe4 fxe4 32. Bc3+ Kg8 33. Be5 Rf5 34.
Bg3 Rxb3 35. Rxb3 Rf1+ 36. Kh2 Bg1+ 37. Kh1 e3 38. d6 e2 39. Rd3 Bf2+ 40. Kh2
Rh1+ 0-1

[Event "Aberto do Brasil Professor Joao Braga"]
[Site "CXSP Sao Paulo"]
[Date "2014.08.01"]
[Round "2.12"]
[White "Camargo, Luca Oshiro"]
[Black "Pereira, Jorge Luiz Rodrigues"]
[Result "0-1"]
[WhiteElo "1476"]
[BlackElo "1912"]
[PlyCount "64"]
[EventDate "2014.08.01"]

1. e4 c5 2. d4 cxd4 3. c3 d5 4. exd5 Nf6 5. cxd4 Nxd5 6. Nf3 Nc6 7. Bc4 e6 8.
Nc3 Bb4 9. Bd2 Nb6 10. Bb5 O-O 11. O-O Nxd4 12. Nxd4 Qxd4 13. Qc2 a6 14. Bd3 f5
15. Rad1 Qf6 16. a3 Be7 17. Qb3 Nd7 18. Bf4 Nc5 19. Qb6 Nxd3 20. Rxd3 Bd8 21.
Qe3 b5 22. Re1 Qf7 23. Bd6 Re8 24. Nd5 Bb7 25. Nf4 Be4 26. Rd2 Bg5 27. f3 e5
28. Bxe5 Rxe5 29. fxe4 Rxe4 30. Qg3 Bxf4 31. Qf2 Rxe1+ 32. Qxe1 Bxd2 0-1

[Event "Aberto do Brasil Professor Joao Braga"]
[Site "CXSP Sao Paulo"]
[Date "2014.08.01"]
[Round "2.15"]
[White "Chagas, Humberto Luiz Cunha"]
[Black "Ishida, Leopoldo Tetsuo"]
[Result "1/2-1/2"]
[WhiteElo "1868"]
[BlackElo "1490"]
[PlyCount "67"]
[EventDate "2014.08.01"]

1. d4 c6 2. c4 d5 3. cxd5 cxd5 4. Nc3 Nf6 5. Bf4 Nc6 6. Nf3 Bg4 7. Ne5 e6 8.
Nxg4 Nxg4 9. e3 Nf6 10. Bd3 Bd6 11. Bxd6 Qxd6 12. f4 O-O 13. g4 Nxd4 14. g5 Nd7
15. Bxh7+ Kxh7 16. Qxd4 Qc5 17. Qd3+ g6 18. h4 Kg7 19. h5 gxh5 20. Rxh5 Rh8 21.
Rh6 Rxh6 22. gxh6+ Kxh6 23. O-O-O Kg7 24. e4 d4 25. Qxd4+ Qxd4 26. Rxd4 Rd8 27.
e5 a6 28. Kd2 Kf8 29. Ne4 Ke7 30. a4 Nb6 31. Rxd8 Kxd8 32. Nc5 Kc7 33. b3 Nd5
34. Nd3 1/2-1/2

[Event "Aberto do Brasil Professor Joao Braga"]
[Site "CXSP Sao Paulo"]
[Date "2014.08.01"]
[Round "2.16"]
[White "Yokomizo, Wilton"]
[Black "Serafim Junior, Arnor"]
[Result "0-1"]
[WhiteElo "1467"]
[BlackElo "1839"]
[PlyCount "60"]
[EventDate "2014.08.01"]

1. e4 c5 2. Nf3 e6 3. d4 cxd4 4. Nxd4 a6 5. Nc3 Qc7 6. Bd3 Nf6 7. O-O Bc5 8.
Nf3 Nc6 9. Re1 b5 10. Be3 Be7 11. Qd2 d6 12. Rad1 O-O 13. Bf4 b4 14. Ne2 e5 15.
Bg5 Bg4 16. Ng3 g6 17. Bh6 Rfe8 18. h3 Bxf3 19. gxf3 Nd4 20. Re3 Kh8 21. c3
bxc3 22. bxc3 Ne6 23. Ne2 Ng8 24. f4 Nxh6 25. f5 Bg5 26. fxe6 Bxe3 27. Qxe3 Kg7
28. Kh1 Rxe6 29. Rg1 Rf8 30. Qg5 Qd8 0-1

[Event "Aberto do Brasil Professor Joao Braga"]
[Site "CXSP Sao Paulo"]
[Date "2014.08.02"]
[Round "3.1"]
[White "Tsuboi, Edson Kenji"]
[Black "Matsuura, Everaldo"]
[Result "0-1"]
[WhiteElo "2247"]
[BlackElo "2473"]
[PlyCount "30"]
[EventDate "2014.08.01"]

1. c4 c6 2. e4 d5 3. exd5 cxd5 4. d4 Nf6 5. Nc3 g6 6. cxd5 Nxd5 7. Qb3 Nb6 8.
Nf3 Bg7 9. Bb5+ N6d7 10. O-O O-O 11. Re1 a6 12. Bxd7 Nxd7 13. Nd5 e6 14. Bg5 f6
15. Rxe6 Nc5 0-1

[Event "Aberto do Brasil Professor Joao Braga"]
[Site "CXSP Sao Paulo"]
[Date "2014.08.02"]
[Round "3.2"]
[White "Marra, Eduardo Da Costa"]
[Black "Quintiliano Pinto, Renato R"]
[Result "0-1"]
[WhiteElo "2207"]
[BlackElo "2370"]
[PlyCount "34"]
[EventDate "2014.08.01"]

1. c4 c5 2. Nf3 Nc6 3. d4 cxd4 4. Nxd4 Nf6 5. g3 e5 6. Nb5 Bb4+ 7. N1c3 d6 8.
a3 Bxc3+ 9. Nxc3 Be6 10. e4 O-O 11. h3 b5 12. Be3 bxc4 13. Qa4 Nd4 14. O-O-O
Qb6 15. Bxc4 Rab8 16. Rd2 Bxc4 17. Qxc4 Nb3+ 0-1

[Event "Aberto do Brasil Professor Joao Braga"]
[Site "CXSP Sao Paulo"]
[Date "2014.08.02"]
[Round "3.3"]
[White "Mendonca, Mateus Nakajo"]
[Black "Sztokbant, Bernardo Vainzoff"]
[Result "1-0"]
[WhiteElo "2341"]
[BlackElo "2250"]
[PlyCount "103"]
[EventDate "2014.08.01"]

1. d4 d5 2. c4 e6 3. Nc3 Be7 4. Nf3 Nf6 5. Bg5 O-O 6. e3 h6 7. Bh4 b6 8. Rc1
Bb7 9. Bxf6 Bxf6 10. cxd5 exd5 11. Bd3 Nd7 12. O-O c5 13. Bf5 cxd4 14. exd4 g6
15. Bb1 Bg5 16. Nxg5 hxg5 17. a3 Nf6 18. Qd2 Ne4 19. Bxe4 dxe4 20. Rfe1 Rc8 21.
d5 f5 22. d6 Qf6 23. Red1 Rfd8 24. b4 e3 25. fxe3 Qe5 26. Qd3 a6 27. Ne2 Rxc1
28. Nxc1 Kg7 29. Ne2 Bc6 30. Qd4 Qxd4 31. Nxd4 Bd7 32. Rc1 Kf6 33. Rc7 Ke5 34.
Rb7 b5 35. Kf2 Kxd6 36. Rb6+ Ke7 37. Rxg6 Rc8 38. Rxa6 Rc3 39. g3 g4 40. Ke2
Rc1 41. Rh6 Ra1 42. Rh7+ Kd6 43. Nc2 Rg1 44. Kd3 Rg2 45. Nd4 Ra2 46. Nc2 Bc6
47. Rh6+ Kd7 48. Rxc6 Kxc6 49. Kc3 Kd5 50. Kb3 Rxc2 51. Kxc2 Ke4 52. Kb3 1-0